| 000 | 00796cam a2200265 a 4500 | ||
|---|---|---|---|
| 001 | 15680 | ||
| 003 | BD-RjUL | ||
| 005 | 20211208235851.0 | ||
| 008 | 140210s1986 ilua b 001 0 eng | ||
| 020 | _a087094679X (pbk.) | ||
| 035 | _a(BD-RjUL)15735 | ||
| 040 |
_aDLC _cDLC _dBD-RjUL _beng |
||
| 041 | _aeng | ||
| 082 | 0 | 0 |
_a658.403028 _219 _bCAD 1986 |
| 100 | 1 |
_aCarroll, T. Owen. _948664 |
|
| 245 | 1 | 0 |
_aDecision power with supersheets / _cT. Owen Carroll. |
| 260 |
_aHomewood, Ill. : _bDow Jones-Irwin, _cc1986. |
||
| 300 |
_axiii, 269 p. : _bill. ; _c26 cm. |
||
| 504 | _aIncludes bibliographies and index. | ||
| 650 | 0 |
_aDecision making _xData processing. _920783 |
|
| 650 | 0 |
_aElectronic spreadsheets. _948665 |
|
| 942 |
_2ddc _cBK |
||
| 999 |
_c15680 _d15680 |
||